UBT Library

General equilibrium. (Record no. 43355)

000 -LEADER
fixed length control field 00624cam a2200229 a 4500
001 - CONTROL NUMBER
control field 953476
005 - DATE AND TIME OF LATEST TRANSACTION
control field 20180224032406.0
008 - FIXED-LENGTH DATA ELEMENTS--GENERAL INFORMATION
fixed length control field 840423s1983 maua b 001 0 eng
010 ## - LIBRARY OF CONGRESS CONTROL NUMBER
LC control number 84048055
020 ## - INTERNATIONAL STANDARD BOOK NUMBER
International Standard Book Number 0674137612 (v. 2 : alk. paper)
040 ## - CATALOGING SOURCE
Original cataloging agency DLC
Transcribing agency DLC
Modifying agency DLC
041 ## - LANGUAGE CODE
Language code of text/sound track or separate title eng
080 ## - UNIVERSAL DECIMAL CLASSIFICATION NUMBER
Universal Decimal Classification number 339.5
082 00 - DEWEY DECIMAL CLASSIFICATION NUMBER
Classification number 339.5 FOR
Edition number 19
100 1# - Rafti
Rafti 53
101 ## - Shkurtesa
Shkurtesa MNG
245 10 - TITLE STATEMENT
Title General equilibrium.
504 ## - BIBLIOGRAPHY, ETC. NOTE
Bibliography, etc Includes bibliographies and index.
800 1# - SERIES ADDED ENTRY--PERSONAL NAME
Personal name Arrow, Kenneth J.
Fuller form of name (Kenneth Joseph),
Dates associated with a name 1921-2017.
Title of a work Essays ;
Volume/sequential designation v. 2.
906 ## - LOCAL DATA ELEMENT F, LDF (RLIN)
a 7
b cbc
c orignew
d 1
e ocip
f 19
g y-gencatlg
942 ## - ADDED ENTRY ELEMENTS (KOHA)
Source of classification or shelving scheme
Item type Books
Holdings
Withdrawn status Lost status Source of classification or shelving scheme Damaged status Not for loan Collection code Permanent location Current location Shelving location Date acquired Total Checkouts Full call number Barcode Date last seen Price effective from Koha item type
          Koleksioni i përgjithshem UBT - Lipjan UBT - Lipjan Koleksioni i përgjithshem 02/24/2018   339.5 FOR 002-2999625 02/24/2018 02/24/2018 Books
UBT Library © 2015-2024. All rights reserved University Education for Business and Technology